000 01225nam a2200289Ia 4500
005 20220317001203.0
008 160825s1999 ck a g 000 0 spa
020 _a9586155161
100 1 _aCervantes Saavedra, Miguel de
_d1547-1616
245 1 0 _aNovelas ejemplares
_cMiguel de Cervantes Saavedra ; prógo y apéndice Juan Felipe Robledo
250 _a1a. edición
300 _a390 páginas
_bilustraciones
_c23 cm
490 _aEspacio de leer
505 _aLa gitanilla -- Rinconete y Cortadillo -- El licenciado de la vidriera -- El celoso extremeño -- El casamiento engañoso -- El coloquio de los perros
650 1 4 _2LEMB
_aCuentos españoles
650 1 4 _2LEMB
_aLiteratura española
650 1 4 _2LEMB
_aLiteratura picaresca
650 1 4 _2LEMB
_aCaballeros y caballería en la literatura
740 3 2 _aLa gitanilla
_aRinconete y Cortadillo
_aEl licenciado de la vidriera
_aEl celoso extremeño
_aEl casamiento engañoso
_aEl coloquio de los perros
942 _2loc
_cBKLIT
264 _aBogotá
_bEducar
_c1999
336 _atexto
_btxt
_2rdacontent
337 _asin mediación
_bn
_2rdamedia
338 _avolumen
_bnc
_2rdacarrier
040 _aCO-BoRNBP
_bspa
_erda
_cCO-BoRNBP
084 _aC CER3
999 _c6182
_d6182